1013 1839 1710 1022 1096 1605 1188 1808 1676 1222 1520 1579 1965 1555 1737 1286 1941 1219 1631 1856 1889 1087 1553 1304 1773 1375 1971 1786 1792 1984 1506 1278 1394 1097 1740 1752 1414 1706 1735 1196 1536 1801 1524 1442 1928 1845 1694 1881 1621 1113 1931 1991 1704 1312 1705 1947 1078 1747 1334 1919 1614 1696 1886 1396 1554 1868 1373 1830 1553 1517 1649 1499 1211 1329 1434 1808 1010 1355 1080 1402 1259 1120 1128 1711 1091 1940 1691 1468 1684 1448 1045 1164 1759 1952 1270 1475 1624 1162 1544 BCNSPRNW ULIB Ver.6.0+V

เปลี่ยนเป็นภาษาไทย

Change to English
 แสดงรายละเอียดบรรณานุกรม
  กลับหน้าหลัก

Brief Record : Get Marc (ISO 2709) : E-mail record : QR code < ปิดหน้าต่าง
LEADER : 00000nam 2200000uu 4500
001    13399109069
003     ULIB
008    110321s2553||||th 000 0 tha d
020    9749441982
020    9789749441985
050  4 H97^bม189น 2553
100 0  มยุรี อนุมานราชธน
245 10 นโยบายสาธารณะ /^cมยุรี อนุมานราชธน
250    พิมพ์ครั้งที่ 3
260    กรุงเทพฯ :^bเอ็กซเปอร์เน็ท,^c2553
300    [ก]-ฎ, 323 หน้า :^bภาพประกอบ ;^c26 ซม.
650  7 การบริหารรัฐกิจ
650  7 นโยบายสาธารณะ
710 2  มหาวิทยาลัยเชียงใหม่. ^bคณะสังคมศาสตร์. ^bภาควิชารัฐศาสตร์
945    ^p300^l0^i029854
945    ^p300^l0^i029853
995    เกษร
999 ^a ใช้งานได้ทุกระบบ
รายการนี้ยังไม่มีแท็ก
คุณยังไม่ได้ล็อกอิน คุณสามารถมีกิจกรรมร่วมกับเว็บไซต์ได้ แต่ต้องล็อกอินก่อน ::
  ล็อกอิน

รายการสื่อสารสนเทศ

ลำดับที่ ประเภท เลขเรียก/บาร์โค้ด สถานที่ สถานะ
- ไม่พบข้อมูล -

รายการใกล้เคียง
    ผู้แต่ง [มยุรี อนุมานราชธน]

    หัวเรื่อง [การบริหารรัฐกิจ]
    หัวเรื่อง [นโยบายสาธารณะ]

BibComment


ยังไม่เคยถูกคอมเมนท์

คอมเมนท์ทรัพยากรรายการนี้
  คอมเมนท์: นโยบายสาธารณะ มย..


 Copyright 2026. Bcnsprnw @Library